Tejemos nuestra vida : (Record no. 22510)

000 -CABECERA
fixed length control field 01016nam a22002657a 4500
003 - IDENTIFICADOR DEL NÚMERO DE CONTROL
control field AR-CdUCM
008 - DATOS DE LONGITUD FIJA--INFORMACIÓN GENERAL
fixed length control field 190425b ||||| |||| 00| 0 spa d
020 ## - NÚMERO INTERNACIONAL ESTÁNDAR DEL LIBRO
ISBN 9786124126987
040 ## - FUENTE DE LA CATALOGACIÓN
Agencia/entidad que catalogó originalmente la obra MUNICIPALIDAD PROVINCIAL DEL CUSCO
Entidad que transcribió la catalogación BIBLIOTECA MUNICIPAL DEL CUSCO
082 ## - NÚMERO DE LA CLASIFICACIÓN DECIMAL DEWEY
No. de Clasificación 746.1498562/H83
Notacion interna H83
100 ## - ENTRADA PRINCIPAL--NOMBRE DE PERSONA
Nombre Personal Huamán Carhuaricra, Angelina
245 ## - MENCIÓN DE TÍTULO
Título Tejemos nuestra vida :
Resto del título testimonios sobre el arte textil de Taquile /
Mención de responsabilidad [investigación, Angelina Huamán Carhuaricra]
260 ## - PUBLICACIÓN, DISTRIBUCIÓN, ETC.
Lugar de publicación, distribución, etc. Lima :
Nombre de la editorial, distribuidor, etc. Ministerio de Cultura,
Fecha de publicación, distribución, etc. 2017.
300 ## - DESCRIPCIÓN FÍSICA
Nº de Páginas Extensión 83 páginas. :
Otros detalles físicos ilustraciones en color ;
Dimensiones 25 cm.
650 ## - PUNTO DE ACCESO ADICIONAL DE MATERIA--TÉRMINO DE MATERIA
Descriptor Artesanías textiles
9 (RLIN) 40189
650 ## - PUNTO DE ACCESO ADICIONAL DE MATERIA--TÉRMINO DE MATERIA
Descriptor Tejedores
9 (RLIN) 48371
650 ## - PUNTO DE ACCESO ADICIONAL DE MATERIA--TÉRMINO DE MATERIA
Descriptor Tejidos
9 (RLIN) 40187
650 ## - PUNTO DE ACCESO ADICIONAL DE MATERIA--TÉRMINO DE MATERIA
Descriptor Tejido a mano
9 (RLIN) 48372
650 ## - PUNTO DE ACCESO ADICIONAL DE MATERIA--TÉRMINO DE MATERIA
Descriptor Isla Taquile
9 (RLIN) 48373
650 ## - PUNTO DE ACCESO ADICIONAL DE MATERIA--TÉRMINO DE MATERIA
Descriptor Puno Perú
9 (RLIN) 17146
710 ## - PUNTO DE ACCESO ADICIONAL--NOMBRE DE ENTIDAD CORPORATIVA
Nombre corporativo (En letras Mayúsculas) Ministerio de Cultura Perú
9 (RLIN) 48332
856 ## - LOCALIZACIÓN Y ACCESO ELECTRÓNICOS
Identificador Uniforme de Recurso (URI) <a href="https://geoportal.cultura.gob.pe/assets/patinmaterial/archivos/doc/ba_57fd5607906e2.pdf">https://geoportal.cultura.gob.pe/assets/patinmaterial/archivos/doc/ba_57fd5607906e2.pdf</a>
Nota pública Leer en pdf
942 ## - ELEMENTOS DE PUNTO DE ACCESO ADICIONAL (KOHA)
Fuente de clasificación
Tipo de item Libros-BMC
945 ## - PROCESAMIENTO DE INFORMACIÓN LOCAL (OCLC)
Catalogador rac
Holdings
Estado de retiro (separado) Fuente de clasificación o esquema de estanterías Estado dañado Ubicación Sala donde se ubica Nombre de la colección Fecha de adquisición o compra Fuente de adquisición Costo, precio normal en soles Signatura topográfica Código de Barras Última vez visto (Koha) Tipo de ítem (Koha)
No     Sala Artes Sala Artes Book Cart 2022-09-06 Donación 30.00 746.1498562/H83 SA0000000745 2022-09-06 Libros-BMC
No     Sala Artes Sala Artes Book Cart 2022-09-06 Donación 30.00 746.1498562/H83/e.2 SA0000000746 2022-09-06 Libros-BMC

Powered by Koha